000 00521nam a2200193 a 4500
001 BRCA_7825
005 20190320210019.0
008 011113s1950----gw-a######---#000-0#ger-#
041 _ager
044 _agw
050 4 _aDD20
_b.D48 1950
245 1 0 _aDeutschland
_bein Farbbildwerk deutscher Stadte und Landschaften.
260 _aMúnich
_bApollo
_cc1950
300 _a4 p.
_bil. a color, 38 láminas
_c41 cm.
500 _aY21
651 4 _aAlemania
_xDescripción y viajes
_915739
902 _aGFM
942 _2lcc
_cB
999 _c7499
_d7499